NLSUI OPAC header image

Performing the Muslim World (Record no. 25326)

MARC details
000 -LEADER
fixed length control field 01425nam a2200217Ia 4500
003 - CONTROL NUMBER IDENTIFIER
control field OSt
005 - DATE AND TIME OF LATEST TRANSACTION
control field 20201005135623.0
008 - FIXED-LENGTH DATA ELEMENTS--GENERAL INFORMATION
fixed length control field 160316s1998 xxu||||| |||| 00| 0 eng d
020 ## - INTERNATIONAL STANDARD BOOK NUMBER
International Standard Book Number 9780710305756
040 ## - CATALOGING SOURCE
Transcribing agency NLS
082 ## - DEWEY DECIMAL CLASSIFICATION NUMBER
Classification number 297.090000
Item number CHO
100 ## - MAIN ENTRY--PERSONAL NAME
Personal name Choudhury Masudul Alam
245 ## - TITLE STATEMENT
Title Performing the Muslim World
260 ## - PUBLICATION, DISTRIBUTION, ETC.
Place of publication, distribution, etc. London
Name of publisher, distributor, etc. Kegan Paul International
Date of publication, distribution, etc. 1998
300 ## - PHYSICAL DESCRIPTION
Extent 269p
Dimensions xxviii
365 ## - TRADE PRICE
Price amount Rs. 650
505 ## - FORMATTED CONTENTS NOTE
Formatted contents note TABLE OF CONTENTS: ACKNOWLEDGE; FOREWORD BY Professor John L. Esposito; INTRODUCTION; Nature of Study; Particular Comparisons; Summary of Chapters; The Audience of This Book; CHAPTER 1: THE EPISTEMOLOGICAL PREMISE OF REFORMATION; CHAPTER 2: THE SCIENTIFIC PREMISE OF REF'ORMATION; CHAPTER 3: THB SOCIO-SCIENTIFIC PREMISE OF REFORMATION: FROM MODERNITY TO POST-MODERNTTY; CHAPTER 4: THE POLITICAL ECONOMY OF REFORMATION; CHAPTER 5: THE INSTITUTIONAL BASIS OF REFORMATION: ORGANIZATIONAL THEORY OF THE FIRM; CHAPTER 6: REFORMING THE CAPITAL MARKET: ISLAMIC CONCEPT OF MONEY; CHAPTER 7: REFORMATION IN THE MIDST OF GLOBALIZATION; CHAPTER 8: MALAYSIA AND THE MUSLIM WORLD: THE TWENTY-FIRST CENTURY AND BEYOND; CHAPTER 9: INSTITUTIONAL REFORMATION: THE ORGANIZATION OF ISLAMIC CONFERENCES SYSTEM; CHAPTER 10: POLICY CONCLUSION: UMMATIC TRANSFORMATION; NOTES AND REFERENCBS; INDEX
650 ## - SUBJECT ADDED ENTRY--TOPICAL TERM
Topical term or geographic name entry element 1. Islam & Social Sciences 2. Islam Doctrines
700 ## - ADDED ENTRY--PERSONAL NAME
Personal name
--
942 ## - ADDED ENTRY ELEMENTS (KOHA)
Source of classification or shelving scheme Dewey Decimal Classification
Koha item type BOOKs
Holdings
Withdrawn status Lost status Damaged status Not for loan Home library Current library Shelving location Date acquired Cost, normal purchase price Total Checkouts Full call number Barcode Date last seen Price effective from Koha item type
        . . Library Compactors 30.05.2017 650.00   297.09 CHO 22676 30.05.2017 30.05.2017 BOOKs